000 00479cam a2200181ua 4500
020 _a81-7040-524-6
_c90.00
041 _aeng
_h
082 _a547
_bCHA/OR
100 _aChatwal , Gurdeep R .
245 _aOrganic chemistry of natural products, Vol 1 /
_cGurdeep R Chatwal.
_hTextual Documents
250 _a3 /
_b.
260 _aMumbai :
_bHimalaya Publishers ,
_c1992.
300 _a672 ; .
365 _a90.00
504 _a
942 _cBK
999 _c9551
_d9551